000 00549nam a22001937a 4500
005 20240923134122.0
008 240923b |||||||| |||| 00| 0 eng d
020 _a0409004480
022 _a0409022519
041 _aEnglish
082 _a349 JOU
100 _lEnglish
245 _aThe Law of South Africa /
_cWA Joubert / JA Faris
250 _aSecond Edition
260 _aDurban:
_bLexisNexis Butterworths,
_c2004
300 _bvii, 525 pages;
_c26 cm.
650 _aLegal practice
_bLaw
942 _cBK
_6ALISON_BN_VRIES
999 _c3054
_d3054